[Event "Titled Tuesday intern op 27th Apr"]
[Site "Chess.com INT"]
[Date "2021.04.27"]
[Round "1"]
[White "Suvorov, Alexander David"]
[Black "Markelova, Lubov"]
[Result "1/2-1/2"]
[WhiteElo "2353"]
[BlackElo "2179"]
[PlyCount "107"]
[EventDate "2021.04.27"]
[EventType "swiss (blitz)"]
[EventRounds "11"]
[EventCountry "USA"]
[SourceTitle "CBM 202 Extra"]
[Source "ChessBase"]
[SourceDate "2021.07.31"]
[SourceVersion "1"]
[SourceVersionDate "2021.07.31"]
[SourceQuality "1"]

1. d4 d5 2. c4 c6 3. Nc3 Nf6 4. e3 e6 5. Nf3 Nbd7 6. Qc2 Bd6 7. Bd3 dxc4 8. Bxc4 b5 9. Be2 Bb7 10. 0-0 0-0 11. Rd1 Qe7 12. e4 e5 13. dxe5 Nxe5 14. Nd4 g6 15. Bg5 h6 16. Bh4 b4 17. Na4 c5 18. Nb3 Bxe4 19. Qxe4 Nxe4 20. Bxe7 Bxe7 21. f3 Nf6 22. Naxc5 Rfd8 23. Nb7 Rxd1+ 24. Rxd1 Rb8 25. N7a5 Rd8 26. Rxd8+ Bxd8 27. Kf2 Bb6+ 28. Ke1 Nd5 29. Nc4 Nxc4 30. Bxc4 Ne3 31. Bf1 a5 32. g3 a4 33. Nc1 Bd4 34. Nd3 b3 35. axb3 axb3 36. Nc1 Bxb2 37. Nxb3 Nxf1 38. Kxf1 Be5 39. Ke2 Kg7 40. f4 Bd6 41. Nd4 h5 42. Kf3 Kf6 43. Nc2 Bc5 44. Ne1 g5 45. fxg5+ Kxg5 46. Nd3 Bd6 47. Nf2 f5 48. Nd3 h4 49. Nf2 hxg3 50. hxg3 Bxg3 51. Kxg3 f4+ 52. Kf3 Kf5 53. Nd3 Kf6 54. Nxf4 1/2-1/2

[Event "Titled Tuesday intern op 13th Apr"]
[Site "Chess.com INT"]
[Date "2021.04.13"]
[Round "2"]
[White "Mammadzada, Gunay Vuqar Qizi"]
[Black "Markelova, Lubov"]
[Result "1-0"]
[WhiteElo "2443"]
[BlackElo "2179"]
[PlyCount "53"]
[EventDate "2021.04.13"]
[EventType "swiss (blitz)"]
[EventRounds "11"]
[EventCountry "USA"]
[SourceTitle "CBM 201 Extra"]
[Source "ChessBase"]
[SourceDate "2021.05.31"]
[SourceVersion "1"]
[SourceVersionDate "2021.05.31"]
[SourceQuality "1"]

1. e4 e5 2. Nf3 Nc6 3. Bb5 a6 4. Ba4 Nf6 5. 0-0 b5 6. Bb3 Bc5 7. c3 d6 8. d4 Bb6 9. a4 Rb8 10. a5 Ba7 11. h3 0-0 12. Be3 Ra8 13. Nbd2 Bb7 14. Re1 Re8 15. Qb1 h6 16. Qa2 Qe7 17. dxe5 dxe5 18. Nh4 Bxe3 19. Rxe3 Qf8 20. Ng6 Qc5 21. Bxf7+ Kh7 22. Bxe8 Rxe8 23. Nh4 Ne7 24. Qf7 Rd8 25. Rg3 Nh5 26. Qxh5 Rxd2 27. Qf7 1-0

[Event "Titled Tuesday intern op 16th Mar"]
[Site "Chess.com INT"]
[Date "2021.03.16"]
[Round "6"]
[White "Markelova, Lubov"]
[Black "Deviprasath, Sharvesh"]
[Result "1-0"]
[WhiteElo "2179"]
[BlackElo "2045"]
[PlyCount "61"]
[EventDate "2021.03.16"]
[EventType "swiss (blitz)"]
[EventRounds "11"]
[EventCountry "USA"]
[SourceTitle "CBM 201 Extra"]
[Source "ChessBase"]
[SourceDate "2021.05.31"]
[SourceVersion "1"]
[SourceVersionDate "2021.05.31"]
[SourceQuality "1"]

1. Nf3 g6 2. d4 Bg7 3. c4 Nf6 4. Nc3 d6 5. e4 0-0 6. Be2 Nbd7 7. 0-0 e5 8. d5 Nc5 9. Qc2 a5 10. Bg5 h6 11. Be3 Nfd7 12. Nd2 f5 13. f3 f4 14. Bf2 g5 15. b3 Nf6 16. a3 h5 17. b4 Na6 18. c5 g4 19. Nc4 axb4 20. axb4 Nxb4 21. Qb3 Rxa1 22. Rxa1 Na6 23. c6 b6 24. Nxb6 cxb6 25. Bxa6 Bxa6 26. Rxa6 g3 27. hxg3 fxg3 28. Bxg3 Bh6 29. Bf2 Qe7 30. Qxb6 Kh7 31. Ra7 1-0

[Event "Titled Tuesday intern op 16th Mar"]
[Site "Chess.com INT"]
[Date "2021.03.16"]
[Round "10"]
[White "Markelova, Lubov"]
[Black "Idnani, Roshan R"]
[Result "1-0"]
[WhiteElo "2179"]
[BlackElo "2082"]
[PlyCount "71"]
[EventDate "2021.03.16"]
[EventType "swiss (blitz)"]
[EventRounds "11"]
[EventCountry "USA"]
[SourceTitle "CBM 201 Extra"]
[Source "ChessBase"]
[SourceDate "2021.05.31"]
[SourceVersion "1"]
[SourceVersionDate "2021.05.31"]
[SourceQuality "1"]

1. Nf3 Nf6 2. c4 g6 3. Nc3 Bg7 4. e4 d6 5. d4 0-0 6. Be2 e5 7. d5 Nbd7 8. 0-0 Nc5 9. Qc2 a5 10. Bg5 h6 11. Be3 Nfd7 12. Nd2 f5 13. f3 f4 14. Bf2 b6 15. b3 g5 16. a3 Nf6 17. b4 Na6 18. c5 axb4 19. axb4 Nxb4 20. Qb3 Rxa1 21. Rxa1 bxc5 22. Ra8 Qe8 23. Nc4 g4 24. Nb5 Qg6 25. Nxc7 g3 26. hxg3 fxg3 27. Be3 Qh5 28. Kf1 Qh1+ 29. Bg1 Nh5 30. Ne6 Bxe6 31. Rxf8+ Bxf8 32. dxe6 Nf4 33. Ne3 Be7 34. Qa4 Qh5 35. Nf5 Qe8 36. Qxe8+ 1-0

[Event "Titled Tuesday intern op 16th Mar"]
[Site "Chess.com INT"]
[Date "2021.03.16"]
[Round "5"]
[White "Markelova, Lubov"]
[Black "Mkrtchian, Lilit"]
[Result "0-1"]
[WhiteElo "2179"]
[BlackElo "2388"]
[PlyCount "132"]
[EventDate "2021.03.16"]
[EventType "swiss (blitz)"]
[EventRounds "11"]
[EventCountry "USA"]
[SourceTitle "CBM 201 Extra"]
[Source "ChessBase"]
[SourceDate "2021.05.31"]
[SourceVersion "1"]
[SourceVersionDate "2021.05.31"]
[SourceQuality "1"]

1. Nf3 d5 2. d4 Nf6 3. c4 c6 4. e3 Bg4 5. h3 Bxf3 6. Qxf3 e6 7. Bd3 Bb4+ 8. Bd2 Bxd2+ 9. Nxd2 Nbd7 10. 0-0 0-0 11. e4 dxe4 12. Nxe4 Nxe4 13. Qxe4 Nf6 14. Qh4 Qd6 15. Rad1 Rfd8 16. Rfe1 h6 17. Bb1 Qb4 18. b3 Rd6 19. Re3 Rad8 20. Rg3 Kf8 21. Bc2 Qa5 22. a4 Qh5 23. Qf4 e5 24. Qd2 exd4 25. Qb4 b6 26. Rxd4 c5 27. Rxd6 Rxd6 28. Qe1 Re6 29. Re3 Rxe3 30. Qxe3 Qg5 31. Qxg5 hxg5 32. Kf1 Ke7 33. Ke2 Kd6 34. Ke3 Ke5 35. g3 Ne8 36. f4+ gxf4+ 37. gxf4+ Kd6 38. Be4 Nc7 39. h4 f6 40. h5 Ne6 41. Bd5 Nd4 42. b4 Nc2+ 43. Ke4 cxb4 44. Bg8 Ke7 45. Kd3 Ne1+ 46. Kd4 b3 47. Kc3 Ng2 48. f5 Nf4 49. Kxb3 Nxh5 50. Kb4 Kd6 51. Kb5 Kc7 52. Ka6 Kb8 53. a5 bxa5 54. Kxa5 Ng3 55. Be6 Ne4 56. Kb5 Kc7 57. Ka6 Kd6 58. Kxa7 g5 59. fxg6 Kxe6 60. Kb6 f5 61. c5 f4 62. c6 f3 63. c7 Nd6 64. Kc6 Nc8 65. g7 Kf7 66. Kd7 Na7 0-1